Loading...
| Fine Arts - Classical Music | 2 | 5.00 | 50% | 0% | 0% |
| Fine Arts - Other Fine Arts | 3 | 13.33 | 100% | 33% | 0% |
| Fine Arts - Visual Fine Arts | 6 | 16.67 | 83% | 50% | 33% |
| Geography/Current Events | 2 | 15.00 | 100% | 50% | 0% |
| History - American History | 4 | 7.50 | 50% | 25% | 0% |
| History - European History | 1 | 10.00 | 100% | 0% | 0% |
| History - Other History | 5 | 14.00 | 100% | 40% | 0% |
| History - World History | 3 | 10.00 | 67% | 33% | 0% |
| Literature - American Literature | 3 | 10.00 | 100% | 0% | 0% |
| Literature - British Literature | 6 | 16.67 | 100% | 67% | 0% |
| Literature - European Literature | 3 | 16.67 | 100% | 67% | 0% |
| Literature - World/Other Literature | 2 | 20.00 | 100% | 100% | 0% |
| Mythology | 3 | 13.33 | 100% | 33% | 0% |
| Other Academic | 2 | 15.00 | 100% | 50% | 0% |
| Philosophy | 6 | 11.67 | 67% | 50% | 0% |
| Religion | 5 | 14.00 | 100% | 40% | 0% |
| Science - Biology | 2 | 15.00 | 100% | 50% | 0% |
| Science - Chemistry | 4 | 5.00 | 50% | 0% | 0% |
| Science - Other Science | 2 | 5.00 | 50% | 0% | 0% |
| Science - Physics | 4 | 10.00 | 75% | 25% | 0% |
| Social Science | 2 | 10.00 | 100% | 0% | 0% |
| World/Other Literature> | 1 | 10.00 | 100% | 0% | 0% |